00274 a2200109 450000100060000004000240000610000210003024000400005124500350009130000070012665000310013348141 cAnchieta - Aquarius aGalrão, Martha10aConvivendo com as diferençaslpor10aConvivendo com as diferenças a25 4aLiteratura infanto-juvenil